000 00488nam a2200181Ia 4500
005 20250326123837.0
008 250326s9999 xx 000 0 und d
037 _aTextbook
040 _aFMSL
_beng
_cFMSL
041 _aeng
_2eng
084 _aS4(X8) K5
_qFMSL
100 _aSmith H C
_9736175
245 0 _aPsychology of industrial behavior
_cSmith H C
260 _aNY
_bNY, McGraw-Hill
_c1964
300 _a418p
942 _cTB
_hS4(X8) K5
999 _c1271159
_d1271159